书目信息 |
| 题名: |
中国古代经济史
|
|
| 作者: | 余也非 著 | |
| 分册: | ||
| 出版信息: | 重庆 重庆出版社 1991 |
|
| 页数: | 894页 | |
| 开本: | 21cm | |
| 丛书名: | ||
| 单 册: | ||
| 中图分类: | F129.2 | |
| 科图分类: | ||
| 主题词: | 经济史--中国--奴隶社会 | |
| 电子资源: | ||
| ISBN: | 7-5366-1399-7 | |
| 000 | 00549nam0 2200193 45 | |
| 001 | 0111200998 | |
| 005 | 20041209153644.0 | |
| 010 | @a7-5366-1399-7@b精装@dCNY43.00 | |
| 100 | @a20011120d1991 km y0chiy0120 ea | |
| 101 | 0 | @achi |
| 105 | @a z 000yy | |
| 200 | 1 | @a中国古代经济史@AZhong Guo Gu Dai Jing Ji Shi@f余也非著@FYu Ye Fei Zhu |
| 210 | @a重庆@c重庆出版社@d1991 | |
| 215 | @a894页@d21cm | |
| 606 | 0 | @a经济史@x中国@z奴隶社会 |
| 690 | @aF129.2@v4 | |
| 701 | @a余也非@4著 | |
| 801 | @aCN@bTSTC@c20011120 | |
| 905 | @f5@b301136-140@dF129.2@e60 | |
| 中国古代经济史/余也非著.-重庆:重庆出版社,1991 |
| 894页;21cm |
| ISBN 7-5366-1399-7(精装):CNY43.00 |
| ● |
| 相关链接 |
|
|
|
|
正题名:中国古代经济史
索取号:F129.2/60
 
预约/预借
| 序号 | 登录号 | 条形码 | 馆藏地/架位号 | 状态 | 备注 |
| 1 | 0301136 | 203011365 | 第一借阅区/ [索取号:F129.2/60] | 在馆 | |
| 2 | 0301137 | 203011374 | 第一借阅区/ [索取号:F129.2/60] | 在馆 | |
| 3 | 0301138 | 203011383 | 第一借阅区/ [索取号:F129.2/60] | 在馆 | |
| 4 | 0301139 | 203011392 | 第一借阅区/ [索取号:F129.2/60] | 在馆 | |
| 5 | 0301140 | 203011409 | 第一样本阅览室/ [索取号:F129.2/60] | 在馆 |